Burn Burn Burn - Zach Bryan Lyrics - Statistics

General Stats
  • This quiz has been taken 1,364 times
  • The average score is 311 of 432
Answer Stats
Answer % Correct
A
98%
I
97%
So
93%
SO
93%
so
93%
To
93%
Do
92%
Go
91%
GO
91%
go
91%
The
91%
THE
91%
the
91%
And
90%
AND
90%
and
90%
Down
90%
DOWN
90%
down
90%
Late
90%
See
90%
In
89%
Talk
89%
Gin
88%
Damn
86%
Everyone
86%
Feel
86%
FEEL
86%
feel
86%
Me
86%
ME
86%
me
86%
Night
86%
Seems
86%
Tik-Tok
86%
We
86%
WE
86%
we
86%
Lately
85%
All
84%
ALL
84%
all
84%
Genius
84%
When
84%
Know
83%
Talkin'
83%
It
82%
IT
82%
it
82%
Line
82%
LINE
82%
line
82%
My
82%
Still
82%
Be
81%
Pain
81%
PAIN
81%
pain
81%
Some
81%
TV
81%
Get
80%
Much
80%
On
80%
Burn
79%
BURN
79%
burn
79%
Have
78%
Tree
77%
Wanna
76%
WANNA
76%
wanna
76%
Die
75%
DIE
75%
die
75%
Just
75%
Yet
75%
Late-night
74%
Alone
73%
Let
73%
LET
73%
let
73%
Where
73%
Most
72%
Of
72%
Grandpa
71%
Again
70%
Up
70%
Downtown
69%
Dressed
69%
Trees
69%
Find
68%
For
68%
God
68%
Home
68%
Lady
68%
long
68%
Long
68%
Everything
67%
Love
67%
Crowd
66%
Nights
66%
Why
66%
Friends
65%
Spring
65%
Sun
65%
Ego
64%
Filled
64%
Hate
64%
Old
64%
Road
64%
Back
63%
Honey
63%
Her
62%
Hole
61%
Town
61%
Guitar
60%
Lay
60%
Lost
60%
Joy
59%
JOY
59%
joy
59%
Never
59%
Like
58%
This
58%
Whiskey
58%
Drown
57%
Hard
57%
Miss
57%
Shade
57%
Sky
57%
SKY
57%
sky
57%
Warmth
57%
Blanket
56%
Leave
56%
Bar
55%
Cozy
55%
Fear
55%
Field
55%
Out
55%
True
55%
Wakin'
55%
Exes
54%
Few
54%
Fight
54%
Rot
54%
Want
54%
Gut
53%
I'd
52%
Small
51%
Can
50%
Child
50%
Somewhere
50%
Well
50%
Air
49%
Arms
49%
Climbing
49%
Loving
49%
One
49%
Dog
48%
Place
48%
Breathing
47%
Couple
47%
Fresh
47%
Good
47%
I'm
47%
Outside
47%
Take
47%
Acres
46%
Awhile
46%
Balcony
46%
Flight
46%
Is
46%
Paris
46%
Sunny
46%
Day
45%
Pray
45%
Count
44%
Gates
44%
Golden
44%
Kind
44%
Trained
44%
Write
44%
Hands
43%
Those
43%
Best
42%
Lines
42%
Poems
42%
Reach
42%
Bound
41%
Did
40%
Life
40%
Say
40%
Was
40%
Before
38%
Knew
38%
Lonely
38%
Unkind
37%
Cars
36%
Laymen
36%
Prefer
36%
THEN
36%
then
36%
Don't
35%
Fine
35%
Man
34%
Muscle
34%
With
34%
Wrong
34%
Broken
33%
Hearted
33%
Mother
33%
Need
33%
Simple
33%
Them
33%
Dearly
31%
Departed
31%
Send
31%
Touch
31%
Human
30%
Prayer
30%
Sit
30%
Songs
30%
Turns
29%
Blues
28%
Now
26%
Tired
26%
Ass
25%
Bringin'
24%
Heading
22%
No matching quizzes found
Score Distribution
Percent of People with Each Score
Percentile by Number Answered
Your Score History
You have not taken this quiz